• 首页
  • 本馆介绍
  • 公告通知
  • 最新文献
  • 馆藏检索
  • 电子资源
  • 读者导购
  • 参考咨询
  • 我的图书馆
  • 登录
  • 详细信息显示
  • 放入我的书架
  • 预约/预借图书
  • 作者相关作品
  • 分类相关作品
  • 丛书相关作品
  • 出版社相关作品

书目信息

  • 表格格式
  • 工作单格式
  • 卡片格式
题名:
板栗种植新技术
    
 
作者: 侯振华 主编
分册:  
出版信息: 沈阳   沈阳出版社  2010.08
页数: 149页
开本: 21cm
丛书名: 构建和谐新农村系列丛书
单 册:
中图分类: S664.2
科图分类:
主题词: 板栗--果树园艺 , 板栗 , 果树园艺
电子资源:
ISBN: 978-7-5441-4166-6
000 00883oam2 2200289 450
001 004851352
005 20140707105455.03
010    @a978-7-5441-4166-6@dCNY14.00
100    @a20111101d2010 em y0chiy50 ea
101 0  @achi
102    @aCN@b210000
105    @ay z 000yy
106    @ar
200 1  @a板栗种植新技术@9ban li zhong zhi xin ji shu@f侯振华主编
210    @a沈阳@c沈阳出版社@d2010.08
215    @a149页@d21cm
225 2  @a构建和谐新农村系列丛书
300    @a农村劳动力技能培训用书 种植类
330    @a本书共8章,内容包括板栗生物生态习性、板栗的品种、板栗的建园、板栗的种植、日常管理等。
461  0 @12001 @a构建和谐新农村系列丛书
606 0  @a板栗@x果树园艺
606 0  @a板栗
606 0  @a果树园艺
690    @aS664.2@v4
701  0 @a侯振华@9hou zhen hua@c(农业技术)@4主编
801  0 @aCN@bRENTIAN@c20111101
905    @b847456-59@dS664.2@e313@f4
    
    板栗种植新技术/侯振华主编.-沈阳:沈阳出版社,2010.08
    149页;21cm.-(构建和谐新农村系列丛书)
    农村劳动力技能培训用书 种植类
    
    ISBN 978-7-5441-4166-6:CNY14.00
    本书共8章,内容包括板栗生物生态习性、板栗的品种、板栗的建园、板栗的种植、日常管理等。
●
相关链接 在E读中查询图书 在五车中查询图书 在当当中查询图书 在豆瓣中查询图书


正题名:板栗种植新技术     索取号:S664.2/313         预约/预借

序号 登录号 条形码 馆藏地/架位号 状态 备注
1 847456   208474569   第二样本阅览室/ [索取号:S664.2/313] 在馆    
2 847457   208474578   第三借阅区/ [索取号:S664.2/313] 在馆    
3 847458   208474587   密集书库-生命科学系/ [索取号:S664.2/313] 在馆    
4 847459   208474596   第三借阅区/ [索取号:S664.2/313] 在馆    
唐山师范学院图书馆 欢迎您!
大连网信软件有限公司© 版权所有